000 01809nas a2200685 4500
001 BR9701531
003 BR-BrBNA
005 20231205100042.0
007 ta
008 230509b bl.|||p| |||| 00| 00por d
040 _aBR-BrBNA
_bpor
_cBiblioteca Nacional de Agricultura
041 _a(Pt)
072 _aE16; E70
100 1 _aTsunechiro, A.
100 1 _aBessa Junior, A. de A.
100 1 _aGhilardi, A.A.
100 1 _aFerreira, C.R.R.P.T.
100 1 _aSilva, C.R.L. da
100 1 _aOkawa, H.
100 1 _aKiyuna, I.
100 1 _aSilva, J.R. da
100 1 _aGoncalves, J.S.
100 1 _aOtani, M.N.
100 1 _aSouza, M.C.M. de
100 1 _aRocha, M.B.
100 1 _aBarbosa, M.Z.
100 1 _aOliveira, M.D.M.
100 1 _aMartin, N.B.
100 1 _aArruda, S.T.
100 1 _aMartins, S.S.
100 1 _aSilva, V. da
100 1 _aToledo, Y.I.M. de
245 1 _aPrognostico agricola 1996/97: algodao, arroz, feijao, milho, soja
650 _aPlanta Oleaginosa
650 _aSoja
650 _aAlgodao
650 _aArroz
650 _aFeijao
650 _aPolitica Agricola
650 _aCredito
650 _aFinanciamento
650 _aVenda
650 _aComercio
650 _aManutencao
650 _aClima
650 _aArmazenamento
650 _aCusto de Producao
650 _aCusto Operacional
650 _aColheita
650 _aSafra
650 _aMercado
650 _aDefensivo
650 _aAcaricida
650 _aInseticida
650 _aEconomia Agricola
650 _aMERCOSUL
773 0 _tInformacoes Economicas - Instituto de Economia Agricola (Brazil)
_xISSN 0100-4409
_g(Aug 1996), v. 26(8) p. 51-102
_wBR9701531
909 _a202311
_bLúcia
_c55
_dLúcia Elande
942 _2AGRIS
_n0
_cANA
999 _c154131
_d154131